| 000 | nam a22 a 4500 | ||
|---|---|---|---|
| 999 |
_c429465 _d429465 |
||
| 003 | BLK | ||
| 005 | 20210823100851.0 | ||
| 008 | 180412b bul|||||r ||||||| ||bul|| | ||
| 040 | _aBLK | ||
| 041 |
_aFRE _aHEL _cFRE |
||
| 080 |
_aКласическа гръцка литература. Старогръцка литература _b821.142 _x-21 _z821.142-21 |
||
| 100 | 1 |
_aEuripides _eпърви автор _99695 |
|
| 139 | _aEuripides | ||
| 245 | 1 | 0 |
_aSept Tragedies D'Euripide _cEuripides; rec. nouvelle avec comm. critique et exp.Henri Weil |
| 250 | _a2 rem. ed. | ||
| 260 |
_aParis _bLibr. Hachette et C-ie _c1879 _9219407 |
||
| 300 |
_a808 с. _c24 см |
||
| 380 | _aX | ||
| 490 |
_aКолекция Редки и ценни издания _9435080 |
||
| 700 |
_9401063 _aWeil, Henri _eпредг. |
||
| 852 |
_aРф 879 _bРц |
||
| 856 | 4 |
_qpdf _u |
|
| 856 | 4 |
_qpdf _u |
|
| 942 |
_cKNG _n0 _s1 |
||
| 944 |
_aCR _c2021-08-23 _l2021-08-23 _kК.Д. |
||